Statistics for Guess the Letter-shaped Flags #1

Click here to take the quiz!

General Stats

  • This quiz has been taken 543 times
  • The average score is 18 of 20

Answer Stats

Answer% Correct
United States
100%
Mexico
99%
Kenya
96%
Argentina
94%
Egypt
94%
Nigeria
94%
France
92%
Venezuela
92%
Czech Republic
91%
Israel
91%
Pakistan
91%
Netherlands
89%
Syria
89%
Djibouti
88%
Nicaragua
88%
Liechtenstein
83%
Eswatini
80%
Comoros
77%
Cape Verde
74%
Guinea-Bissau
74%

Score Distribution

Percentile by Number Answered

Percent of People with Each Score

Your Score History

You have not taken this quiz